000 00343nam a22001337a 4500
020 _a9781119382973
082 _a629.8 NIS
100 _aNise, Norman s.
_961598
245 _aNise's control systems engineering
250 _a7th
260 _aSingapor
_bJohn Wiley
_c2015
650 _aNise's Control Systems Engineering
_969546
942 _cBK
999 _c576781
_d576781